000 00773nam a2200229Ii 4500
003 JO-AjNU
008 230605s9999||||xx |||||||||||||| ||und||
017 _a1998/8244
020 _a977-1890-05-8
040 _aJO-AjNU
_bara
_erda
_cJO-AjNU
041 _aara
050 1 4 _aBP135.8.53.M8378 2001
100 3 _aعبد الصمد، محمد كامل,
_eauthor
_936809
245 0 0 _aالإعجاز العلمي في الإسلام: السنة النبوية
250 _aط6
264 3 1 _aالقاهرة: الدار المصرية اللبنانية، 2004
300 _a167ص
336 _atext
_btxt
_2rdacontent
337 _aunmediated
_bn
_2rdamedia
338 _avolume
_bnc
_2rdacarrier
650 4 _aالسنة - اعجاز -الاسلام والعلم
_936810
999 _aA15326
_c18894
_d18894